banner-ar

وسام الشجاعة الاحمر وقصص مختارة (هدية من الاديب عبدالفتاح الجمل) / (Record no. 40044)

MARC details
000 -الفاتح
حقل البيانات ثابتة الطول 00697nam a2200193Ia 4500
008 - عناصر البيانات ثابتة الطول - معلومات عامة
حقل البيانات ثابتة الطول 140319s9999 xx 000 0 ara d
040 ## - مصدر الفهرسة
وكالة الفهرسة الأصلية GCL /
وكالة النسخ GCL
082 04 - رقم تصنيف ديوى العشرى
رقم التصنيف 823.03
رقم المادة ك و
100 1# - المدخل الرئيسى - إسم شخصى
الإسم الشخصى عبدالحميد سليم (مترجم)
245 10 - بيان العنوان
العنوان وسام الشجاعة الاحمر وقصص مختارة (هدية من الاديب عبدالفتاح الجمل) /
بيان المسئوليه,etc عبدالحميد سليم (مترجم)
700 1# - المدخل الاضافى - اسم شخصى
الإسم الشخصى كرين , ستيفن
700 1# - المدخل الاضافى - اسم شخصى
الإسم الشخصى عثمان نويه
490 ## - بيان السلسلة
عنوان السلسلة
650 04 - المدخل الاضافى بالموضوع-مصطلح موضوعى
مصطلح موضوعي القصة الانجليزية المترجمة
650 04 - المدخل الاضافى بالموضوع-مصطلح موضوعى
مصطلح موضوعي الادب الانجليزى المترجم
650 04 - المدخل الاضافى بالموضوع-مصطلح موضوعى
مصطلح موضوعي كرين , ستيفن
942 ## - عناصر المدخل الإضافي( كوها)
مصدر التصنيف او مخطط الترفيف Dewey Decimal Classification
Koha [default] item type كتاب
Holdings
حالة التراجع حالة الفقد حالة تلف ليس للاعارة المكان المؤقت الموقع الحالى تاريخ الاكتساب اجمالي اﻻعارات رقم الطلب الباركود تاريخ اخر مشاهدة تاريخ تفعيل السعر نوع وعاء كوها
        مكتبة القاهرة الكبرى مكتبة القاهرة الكبرى 03/26/2014   823.03\ك و 97414 03/26/2014 03/26/2014 كتاب

Powered By

EGPV